[Event "Tom Weston Major op"]
[Site "Cardiff"]
[Date "2018.03.30"]
[Round "1"]
[White "Hunt, Bill"]
[Black "James, Dai"]
[Result "0-1"]
[WhiteElo "1603"]
[BlackElo "1850"]
[PlyCount "90"]
[EventDate "2018.03.30"]
[EventType "swiss"]
[EventRounds "7"]
[EventCountry "WLS"]
[SourceTitle "EXT 2020"]
[Source "ChessBase"]
[SourceDate "2019.10.17"]
[SourceVersion "1"]
[SourceVersionDate "2019.10.17"]
[SourceQuality "1"]

1. e4 e5 2. Nf3 Nc6 3. Bc4 Nf6 4. d3 d5 5. exd5 Nxd5 6. 0-0 Be7 7. Bb5 0-0 8. Bxc6 bxc6 9. Nxe5 Bd6 10. Nf3 Bg4 11. Nc3 f5 12. Nxd5 cxd5 13. Bg5 Bxf3 14. Bxd8 Bxd1 15. Bxc7 Bxc7 16. Raxd1 Rfe8 17. Rfe1 Kf7 18. f3 Rab8 19. b3 Ba5 20. Rxe8 Rxe8 21. Kf2 d4 22. Rb1 Bb4 23. a4 a5 24. g4 Rc8 25. Rb2 Bc3 26. Rb1 Bd2 27. Rb2 Bc1 28. Ra2 Re8 29. Ra1 Bb2 30. Rb1 Bc3 31. gxf5 Re5 32. Rg1 Rxf5 33. Rg4 Re5 34. Re4 Ke6 35. f4 Rxe4 36. dxe4 Bd2 37. f5+ Ke5 38. Ke2 Bf4 39. Kf3 Bxh2 40. b4 axb4 41. a5 Kf6 42. Ke2 Bb8 43. Kd3 Ke5 44. Kc4 h5 45. Kxb4 h4 0-1

[Event "Tom Weston Major op"]
[Site "Cardiff"]
[Date "2016.03.26"]
[Round "3"]
[White "Hunt, Bill"]
[Black "Camp, Imogen AL"]
[Result "1/2-1/2"]
[WhiteElo "1544"]
[BlackElo "1691"]
[PlyCount "81"]
[EventDate "2016.03.25"]
[EventType "swiss"]
[EventRounds "7"]
[EventCountry "WLS"]
[SourceTitle "EXT 2018"]
[Source "ChessBase"]
[SourceDate "2017.10.13"]
[SourceVersion "1"]
[SourceVersionDate "2017.10.13"]
[SourceQuality "1"]

1. e4 e5 2. Nf3 Nc6 3. Bc4 Bc5 4. c3 Nf6 5. d3 h6 6. Bb3 d6 7. Nbd2 Bg4 8. Nf1 Qe7 9. Be3 Bb6 10. Bxb6 axb6 11. Ne3 Be6 12. 0-0 Qd7 13. Nh4 d5 14. exd5 Nxd5 15. Nxd5 Bxd5 16. Qe2 0-0 17. Rad1 Bxb3 18. axb3 Ra2 19. Nf3 Qd5 20. Qc2 Qc5 21. Qd2 Rd8 22. Rfe1 Qd5 23. Qc2 f6 24. Re4 b5 25. h3 b4 26. c4 Qc5 27. Qb1 Ra6 28. Qc2 Nd4 29. Nxd4 Rxd4 30. Rde1 Rad6 31. Rxd4 Qxd4 32. Re3 Kf7 33. Kf1 f5 34. Ke2 Ra6 35. Qb1 Kf6 36. f3 Qa7 37. Qe1 c5 38. Qh4+ Kg6 39. Qg3+ Kh7 40. Qxe5 Rg6 41. Kf2 1/2-1/2

[Event "Tom Weston Major op"]
[Site "Cardiff"]
[Date "2009.04.13"]
[Round "7"]
[White "Wills, Alex"]
[Black "Hunt, Bill"]
[Result "0-1"]
[WhiteElo "1614"]
[BlackElo "1790"]
[PlyCount "74"]
[EventDate "2009.04.10"]
[EventType "swiss"]
[EventRounds "7"]
[EventCountry "WLS"]
[SourceTitle "EXT 2011"]
[Source "ChessBase"]
[SourceDate "2010.11.26"]
[SourceVersion "1"]
[SourceVersionDate "2010.11.26"]
[SourceQuality "1"]

1. d4 g6 2. e4 Bg7 3. Be3 d6 4. Bc4 Nf6 5. Nc3 c6 6. Qd2 b5 7. Bd3 Ng4 8. Nf3 Nxe3 9. Qxe3 Nd7 10. h4 Nf6 11. e5 Ng4 12. Qe2 dxe5 13. Nxe5 Nxe5 14. dxe5 b4 15. Nb1 Qd4 16. 0-0 0-0 17. c3 Qxh4 18. Nd2 Qf4 19. Nf3 Bg4 20. Qe4 Qxe4 21. Bxe4 Bxf3 22. Bxf3 bxc3 23. bxc3 Bxe5 24. Rae1 Bd6 25. Re4 Rac8 26. Ra4 Rc7 27. Rb1 Kg7 28. Ra6 Rfc8 29. c4 f5 30. Rb3 g5 31. g3 e5 32. Rd3 Bc5 33. Bg2 e4 34. Rb3 Kf6 35. Kf1 Rd8 36. Ke2 Rd4 37. Rb5 Rxc4 0-1

[Event "Tom Weston Major op"]
[Site "Wales"]
[Date "2008.03.21"]
[Round "1"]
[White "Jones, Jeremy"]
[Black "Hunt, Bill"]
[Result "0-1"]
[WhiteElo "1585"]
[BlackElo "1818"]
[PlyCount "54"]
[EventDate "2008.03.21"]
[EventType "swiss"]
[EventRounds "7"]
[EventCountry "WLS"]
[SourceTitle "EXT 2010"]
[Source "ChessBase"]
[SourceDate "2010.11.25"]
[SourceVersion "1"]
[SourceVersionDate "2010.11.25"]
[SourceQuality "1"]

1. d4 g6 2. c4 Bg7 3. Nc3 Nf6 4. e4 d6 5. Nge2 0-0 6. Ng3 Nc6 7. d5 Ne5 8. h4 c6 9. h5 Qb6 10. Be2 cxd5 11. cxd5 Bd7 12. hxg6 fxg6 13. f3 Nfg4 14. Rf1 Nh2 15. Rh1 Neg4 16. fxg4 Qf2+ 17. Kd2 Qxg3 18. Qg1 Nxg4 19. Rh3 Qe5 20. Rf3 Nf6 21. Kc2 Nxe4 22. Re3 Bf5 23. Bd3 Rac8 24. Kb3 Rxc3+ 25. bxc3 Qxc3+ 26. Ka4 Bd7+ 27. Bb5 Nc5# 0-1

[Event "South Wales Winter op"]
[Site "Newport"]
[Date "2008.01.04"]
[Round "1"]
[White "Hunt, Bill"]
[Black "White, Ernest Michael"]
[Result "0-1"]
[WhiteElo "1818"]
[BlackElo "1979"]
[PlyCount "72"]
[EventDate "2008.01.04"]
[EventType "swiss"]
[EventRounds "5"]
[EventCountry "WLS"]
[SourceTitle "EXT 2010"]
[Source "ChessBase"]
[SourceDate "2010.11.25"]
[SourceVersion "1"]
[SourceVersionDate "2010.11.25"]
[SourceQuality "1"]

1. e4 e5 2. Nf3 Nc6 3. Nc3 Nf6 4. d4 exd4 5. Nxd4 d5 6. exd5 Nxd5 7. Nxc6 bxc6 8. Bc4 Be6 9. Qf3 Bd6 10. 0-0 Qh4 11. Bf4 Qxf4 12. Qxf4 Nxf4 13. Rfe1 0-0 14. Bxe6 Nxe6 15. Rad1 Rab8 16. Ne4 Rxb2 17. Nxd6 cxd6 18. Rxd6 Rxc2 19. a4 g6 20. g3 c5 21. Rd7 a5 22. Ra7 Nd4 23. Re3 c4 24. Rxa5 c3 25. Rd5 Nf5 26. Red3 Rd2 27. Rxd2 cxd2 28. Rxd2 Ra8 29. g4 Nh4 30. Ra2 Ra5 31. f4 g5 32. fxg5 Nf3+ 33. Kg2 Nxg5 34. h4 Ne6 35. Kf3 Kg7 36. Ke3 Nc5 0-1

[Event "Tom Weston Major op"]
[Site "Wales"]
[Date "2007.04.08"]
[Round "4"]
[White "Bollada, Peter"]
[Black "Hunt, Bill"]
[Result "1-0"]
[WhiteElo "1769"]
[BlackElo "1774"]
[PlyCount "51"]
[EventDate "2007.04.06"]
[EventType "swiss"]
[EventRounds "7"]
[EventCountry "WLS"]
[SourceTitle "EXT 2010"]
[Source "ChessBase"]
[SourceDate "2010.11.25"]
[SourceVersion "1"]
[SourceVersionDate "2010.11.25"]
[SourceQuality "1"]

1. e4 g6 2. d4 Bg7 3. Nc3 d6 4. Be3 a6 5. Be2 Nd7 6. Nf3 b5 7. Qd2 Bb7 8. a3 h6 9. 0-0 Ngf6 10. e5 dxe5 11. dxe5 Ng4 12. e6 fxe6 13. Nd4 Bxd4 14. Qxd4 Ngf6 15. Bd3 c5 16. Bxg6+ Kf8 17. Qh4 Kg7 18. Qg3 Qb8 19. Bf4 e5 20. Be3 e4 21. Bf4 e5 22. Be3 Rg8 23. Rad1 Qc7 24. Bf5+ Kf7 25. Qh3 Bc6 26. Be6+ 1-0

[Event "Tom Weston Major op"]
[Site "Wales"]
[Date "2007.04.06"]
[Round "1"]
[White "Hunt, Bill"]
[Black "Williams, David J"]
[Result "1-0"]
[WhiteElo "1774"]
[BlackElo "1530"]
[PlyCount "97"]
[EventDate "2007.04.06"]
[EventType "swiss"]
[EventRounds "7"]
[EventCountry "WLS"]
[SourceTitle "EXT 2010"]
[Source "ChessBase"]
[SourceDate "2010.11.25"]
[SourceVersion "1"]
[SourceVersionDate "2010.11.25"]
[SourceQuality "1"]

1. e4 e6 2. d4 d5 3. Nd2 c5 4. c3 Nc6 5. Ngf3 Nf6 6. Bd3 Be7 7. 0-0 0-0 8. Re1 Re8 9. e5 Nd7 10. Nf1 cxd4 11. cxd4 Qb6 12. Ng3 g6 13. Bb1 a5 14. h4 Nf8 15. h5 Qd8 16. Nh2 f5 17. exf6 Bxf6 18. Ng4 Bxd4 19. Nh6+ Kg7 20. hxg6 hxg6 21. Qg4 Bf6 22. Nh5+ Kh7 23. Nf7 Qe7 24. Ng5+ Kg8 25. Nxf6+ Qxf6 26. Nf3 e5 27. Qg3 Bf5 28. Bg5 Qg7 29. Qh4 e4 30. Bh6 Qd7 31. Nd2 Ne5 32. Bc2 Ng4 33. Nf1 d4 34. Bb3+ Ne6 35. a4 Nxh6 36. Qxh6 Qg7 37. Qh4 g5 38. Qg3 Qf6 39. Bd5 Qg6 40. Bxb7 Rab8 41. Bc6 Rec8 42. Bb5 Rb7 43. Ba6 Rh7 44. Bxc8 Qh5 45. Bxe6+ Bxe6 46. Qh2 Qg4 47. Qb8+ Kg7 48. Qb7+ Kh6 49. Qxe4 1-0

[Event "South Wales Winter op"]
[Site "Newport"]
[Date "2007.01.07"]
[Round "5"]
[White "Tew, Paul"]
[Black "Hunt, Bill"]
[Result "0-1"]
[WhiteElo "1966"]
[BlackElo "1774"]
[PlyCount "88"]
[EventDate "2007.01.05"]
[EventType "swiss"]
[EventRounds "5"]
[EventCountry "WLS"]
[SourceTitle "EXT 2008"]
[Source "ChessBase"]
[SourceDate "2007.11.25"]
[SourceVersion "1"]
[SourceVersionDate "2007.11.25"]
[SourceQuality "1"]

1. d4 g6 2. c4 Bg7 3. Nc3 Nf6 4. e4 d6 5. Nge2 c5 6. d5 0-0 7. Ng3 Bg4 8. f3 Bd7 9. Be2 Na6 10. h4 Nc7 11. h5 e6 12. hxg6 fxg6 13. Bg5 exd5 14. cxd5 b5 15. Qd2 b4 16. Nd1 Qe8 17. Ne3 Bb5 18. Bxb5 Nxb5 19. Nc4 Rd8 20. Ne2 Rd7 21. 0-0 Rff7 22. Rae1 Rfe7 23. a4 bxa3 24. bxa3 Qc8 25. a4 Nd4 26. Qf4 Nh5 27. Nxd6 Nxf4 28. Nxc8 Ndxe2+ 29. Rxe2 Nxe2+ 30. Kf2 Re8 31. Ne7+ Rdxe7 32. Bxe7 Nf4 33. d6 Bd4+ 34. Kg3 Ne6 35. f4 Nd8 36. e5 Nc6 37. Bf6 Kf7 38. Rh1 h5 39. Kf3 Ke6 40. Ke4 Rb8 41. g4 hxg4 42. Rh6 Rb3 43. f5+ gxf5+ 44. Kf4 Be3+ 0-1

[Event "South Wales Winter op"]
[Site "Newport"]
[Date "2007.01.06"]
[Round "3"]
[White "Brockbank, Henry W"]
[Black "Hunt, Bill"]
[Result "1/2-1/2"]
[WhiteElo "1816"]
[BlackElo "1774"]
[PlyCount "35"]
[EventDate "2007.01.05"]
[EventType "swiss"]
[EventRounds "5"]
[EventCountry "WLS"]
[SourceTitle "EXT 2008"]
[Source "ChessBase"]
[SourceDate "2007.11.25"]
[SourceVersion "1"]
[SourceVersionDate "2007.11.25"]
[SourceQuality "1"]

1. c4 g6 2. Nc3 Bg7 3. e4 c5 4. g3 d6 5. Bg2 Nc6 6. Nge2 Nf6 7. d3 0-0 8. 0-0 Bd7 9. h3 Rb8 10. Be3 a6 11. a4 Re8 12. b3 Qc8 13. g4 h5 14. g5 Nh7 15. Kh2 Nd4 16. Rc1 Nf8 17. f4 e6 18. Bf2 1/2-1/2

[Event "South Wales Winter op"]
[Site "Newport"]
[Date "2007.01.06"]
[Round "2"]
[White "Hunt, Bill"]
[Black "Miles, Richard"]
[Result "0-1"]
[WhiteElo "1774"]
[BlackElo "2035"]
[PlyCount "148"]
[EventDate "2007.01.05"]
[EventType "swiss"]
[EventRounds "5"]
[EventCountry "WLS"]
[SourceTitle "EXT 2008"]
[Source "ChessBase"]
[SourceDate "2007.11.25"]
[SourceVersion "1"]
[SourceVersionDate "2007.11.25"]
[SourceQuality "1"]

1. e4 c5 2. c3 Nf6 3. e5 Nd5 4. d4 cxd4 5. cxd4 e6 6. Nf3 b6 7. a3 Bb7 8. Bd3 Be7 9. 0-0 0-0 10. Bd2 d6 11. Nc3 Nxc3 12. Bxc3 Nd7 13. Re1 dxe5 14. Nxe5 Nf6 15. Bc2 Qd5 16. Nf3 Bd6 17. Qd3 Rad8 18. Bd2 Qh5 19. h3 Bxf3 20. Qxf3 Qxf3 21. gxf3 Nd5 22. Re4 Rc8 23. Bb3 Nf6 24. Re2 h6 25. Kg2 Rfd8 26. Be3 Bb8 27. Rd1 Nd5 28. Red2 Kf8 29. Rd3 Rd7 30. Bxd5 Rxd5 31. R1d2 Ke7 32. f4 Kf6 33. Kf3 Rcd8 34. Ke4 Kg6 35. Kf3 Kf5 36. Rd1 Kf6 37. R1d2 Kg6 38. Kg4 Rc8 39. Re2 Bd6 40. Rd1 Kf6 41. Rd3 h5+ 42. Kf3 Kf5 43. Rd1 Rd8 44. Red2 f6 45. Rg1 g6 46. Rc2 Bb8 47. Rgc1 g5 48. fxg5 fxg5 49. Rg1 Rg8 50. Rg2 g4+ 51. hxg4+ hxg4+ 52. Ke2 Ke4 53. Rc6 Kf5 54. Rc2 Bd6 55. Rc1 Rg7 56. Rc2 Be7 57. Rc7 Bf6 58. Rxg7 Bxg7 59. Kd3 Bxd4 60. Bxd4 e5 61. Kc4 Rxd4+ 62. Kb5 Kf4 63. Ka6 Rd7 64. Rg3 e4 65. Re3 Rd2 66. Kxa7 Rxf2 67. Rb3 e3 68. Rxb6 Kf3 69. a4 g3 70. a5 g2 71. Rf6+ Ke2 72. Rg6 Kf1 73. a6 e2 74. Kb7 e1Q 0-1